00363nam a22001097a 4500082000800000100001700008245011400025260003600139300002000175650003700195700002100232 a004 aJavaid, Anum aAnalysis of In-Application Advertisements for Safeguarding Android users from Embedded Adware / cAnum Javaid aIslamabad :bMCS - NUST,c2016. a125 p. ;c30cm. aInformation Technology-MS-Thesis aDr. Imran Rashid